Normal view MARC view

Entry Personal Name

Number of records used in: 1

001 - CONTROL NUMBER

  • control field: 16519

003 - CONTROL NUMBER IDENTIFIER

  • control field: dpl

005 - DATE AND TIME OF LATEST TRANSACTION

  • control field: 20100825120128.0

008 - FIXED-LENGTH DATA ELEMENTS

  • fixed length control field: 100825|||a|||||| | ||| d

040 ## - CATALOGING SOURCE

  • Original cataloging agency: dpl
  • Transcribing agency: dpl

100 ## - HEADING--PERSONAL NAME

  • Personal name: National Commission for Religious and Linguistic Minorities

670 ## - SOURCE DATA FOUND

  • Source citation: Work cat.: (dpl)43020: National Commission for Religious and Linguistic Minorities, Report of the national commission for religious and linguistic minorities /, 201?

670 ## - SOURCE DATA FOUND

  • Source citation: Work cat.: (dpl)43020: National Commission for Religious and Linguistic Minorities, Report of the national commission for religious and linguistic minorities /, 201?

© Delhi Public Library
Hit Counter
free hit counter